000 00736cam a22002413a 4500
001 24163
003 PGUSA
005 20140828083521.0
008 080104s2008||||xxu|||||s|||||000 | eng d
040 _aPGUSA
_beng
042 _adc
050 4 _aQC
100 1 _aClaridge, John
245 1 4 _aThe Shepherd of Banbury's Rules to Judge of the Changes of the Weather, Grounded on Forty Years' Experience
_h[electronic resource] /
_cJohn Claridge
260 _bProject Gutenberg,
_c2008
506 _aPublic domain in the USA.
516 _aElectronic text
653 _aWeather forecasting
653 _aWeather -- Folklore
830 0 _aProject Gutenberg
_v24163
856 4 0 _uhttp://www.gutenberg.org/ebooks/24163
942 _cEB
999 _c253418
_d253418